Central Library OPAC University of Rajshahi

Industries of Norway : (Record no. 68778)

MARC details
000 -LEADER
fixed length control field 00771nam a2200253 a 4500
001 - CONTROL NUMBER
control field 68778
003 - CONTROL NUMBER IDENTIFIER
rucl marc code BD-RjUL
005 - DATE AND TIME OF LATEST TRANSACTION
control field 20211209081817.0
008 - FIXED-LENGTH DATA ELEMENTS--GENERAL INFORMATION
fixed length control field 19 s1952 no a 001 0 eng d
035 ## - SYSTEM CONTROL NUMBER
System control number (BD-RjUL)68989
040 ## - CATALOGING SOURCE
Original cataloging agency DLC
Transcribing agency AZU
Modifying agency AZU
-- LUN
Language of cataloging eng
041 ## - LANGUAGE CODE
Language code of text/sound track or separate title eng
049 ## - LOCAL HOLDINGS (OCLC)
Local processing data o
082 ## - DEWEY DECIMAL CLASSIFICATION NUMBER
Edition number 23
Classification number 338.0481
Author mark and year IND 1952
245 00 - TITLE STATEMENT
Title Industries of Norway :
Remainder of title technical and commercial achievements./
Statement of responsibility, etc. edited by Olge Adamson
260 ## - PUBLICATION, DISTRIBUTION, ETC. (IMPRINT)
Place of publication, distribution, etc. [Oslo] :
Name of publisher, distributor, etc. Dreyer,
Date of publication, distribution, etc. [c1952].
300 ## - PHYSICAL DESCRIPTION
Pagination 392 p. :
Illustrations ill., ports., col. maps ;
Size 29 cm.
500 ## - GENERAL NOTE
General note Includes index.
650 #0 - SUBJECT ADDED ENTRY--TOPICAL TERM
Topical term or geographic name as entry element Industries
Geographic subdivision Norway.
9 (RLIN) 228459
700 1# - ADDED ENTRY--PERSONAL NAME
Personal name Adamson, Olge Jungstedt.
942 ## - ADDED ENTRY ELEMENTS (KOHA)
Source of classification or shelving scheme Dewey Decimal Classification
Koha item type Books
Holdings
Lost status Source of classification or shelving scheme Damaged status Not for loan Collection code Permanent Location Current Location Shelving location Date acquired Source of acquisition Cost, normal purchase price Total Checkouts Full call number Date last seen Copy number Koha item type
  Dewey Decimal Classification     Non-fiction Central Library, University of Rajshahi Central Library, University of Rajshahi Reading Room 05/06/1956 Black well 50.00   338.0481 IND 1952 20/02/2019 C-1 Books